| 000 | 00409nam a22001577a 4500 | ||
|---|---|---|---|
| 005 | 20250703103433.0 | ||
| 008 | 250703b |||||||| |||| 00| 0 eng d | ||
| 082 |
_a005.8 _bSEI-B |
||
| 100 | _aSeitz, Justin | ||
| 245 |
_aBlack Hat Python / _cJustin Seitz |
||
| 260 |
_aUSA: _bElsevier; _c2015. |
||
| 300 |
_axiv, 520 p. : _bill; _c24 cm. |
||
| 500 | _ainclude index. | ||
| 650 | _aDataScience | ||
| 999 |
_c36956 _d36956 |
||